00321nam a22001337a 4500003000400000020001800004082001800022100001800040245003500058250000900093260004600102300001000148650002900158SGT a9780199679379 a617.601bE13D a Blanaid Daly aEssential Dental Public Health a2ND  aNEW DELHI bOxford University Pressc2013 a1-253 aPUBLIC HEALTH DENTISTRY